00735naa a2200229 450000500170000000800410001701000140005802000230007202000260009503500130012103700150013404000180014908200120016724501270017926000420030627000420034830000250039050000190041570000260043470000240046070000210048420090727140723.0090727t xxu||||| |||| 00| 0 eng d aENG-94575 a818324260Xc695.00 a9788183242608c695.00 aEN-78108 bDBAD / PUB adplbEnglish  a376.954 aWomen education:cedited by Jogesh Chandra Pati, Rajan Kumar Sahoo [and] Habiballav Das bemerging issues and rethinking / aNew DelhibMittal Publications c2008 a4594/9, Darya GanjbNew Delhie110002 axix, 251p.c23cm(Hb) aIncludes index aPati, Jagesh Chandra  aSahoo, Rajan Kumar  aHariballav Dash